000 00348 a2200169 4500
001 184922
020 _a978-85-08-13062-7
040 _cMagnum
100 _aCampos, Paulo Mendes
240 1 0 _aCrônicas i
_lpor
245 1 0 _aCrônicas i
300 _a98
362 0 _a2011
440 1 _aÁtica
697 _aLITERATURA JUVENIL
942 _cBK
999 _c184922
_d184922